| 000 | 00739nas a2200253 4500 | ||
|---|---|---|---|
| 001 | BR8201953 | ||
| 003 | BR-BrBNA | ||
| 005 | 20231205085126.0 | ||
| 007 | ta | ||
| 008 | 230509b bl.|||p| |||| 00| 00por d | ||
| 040 |
_aBR-BrBNA _bpor _cBiblioteca Nacional de Agricultura |
||
| 041 | _a(Pt) | ||
| 072 | _aP05 | ||
| 100 | 1 | _aTaiganides, E.P. | |
| 245 | 1 | _aBiogas - recuperacao e energia dos excrementos de origem animal [Brasil] | |
| 650 | _aBIOGAS | ||
| 650 | _aEXCREMENTO | ||
| 650 | _aANIMAL | ||
| 650 | _aDIGESTAO ANAEROBIA | ||
| 650 | _aDIGESTOR | ||
| 773 | 0 |
_tRevista dos Criadores (Brazil) _xISSN 0034-9259 _g(May 1982), v. 51(628) p. 35-47 _wBR8201953 |
|
| 909 |
_a202311 _bLúcia _c55 _dLúcia Elande |
||
| 942 |
_2AGRIS _n0 _cANA |
||
| 999 |
_c109380 _d109380 |
||